[Event "Oberliga Sued W 1718"]
[Site "Germany"]
[Date "2018.02.25"]
[Round "9.5"]
[White "Bauer, Bjoern Benny"]
[Black "Hein, Ralf1"]
[Result "1-0"]
[WhiteElo "2206"]
[BlackElo "1936"]
[PlyCount "87"]
[EventDate "2017.09.10"]
[EventType "team-tourn"]
[EventRounds "11"]
[EventCountry "GER"]
[SourceTitle "EXT 2019"]
[Source "ChessBase"]
[SourceDate "2018.10.10"]
[SourceVersion "1"]
[SourceVersionDate "2018.10.10"]
[SourceQuality "1"]
[WhiteTeam "Gau Algesheim"]
[BlackTeam "Trier"]
[WhiteTeamCountry "GER"]
[BlackTeamCountry "GER"]

1. d4 Nf6 2. c4 g6 3. Nc3 Bg7 4. e4 d6 5. Be2 0-0 6. Nf3 e5 7. d5 a5 8. Bg5 h6 9. Bh4 g5 10. Bg3 Nh5 11. Nd2 Nf4 12. 0-0 Na6 13. f3 Nc5 14. b3 f5 15. a3 h5 16. b4 axb4 17. axb4 Rxa1 18. Qxa1 Nxe2+ 19. Nxe2 Nd3 20. Qa3 Nf4 21. Nxf4 exf4 22. Bf2 g4 23. fxg4 fxg4 24. c5 Bd7 25. Rc1 h4 26. g3 hxg3 27. hxg3 fxg3 28. Bxg3 Bd4+ 29. Kg2 Qg5 30. Qd3 Be3 31. c6 bxc6 32. dxc6 Be6 33. Rd1 Rf3 34. Nxf3 gxf3+ 35. Kxf3 Bg4+ 36. Kg2 Bxd1 37. Qxd1 Bb6 38. Qd5+ Qxd5 39. exd5 Kf7 40. Kf3 Kf6 41. Ke4 Ke7 42. Bh4+ Ke8 43. Bg5 Bg1 44. Be3 1-0

[Event "Oberliga Sued W 1617"]
[Site "Germany"]
[Date "2017.02.19"]
[Round "7.2"]
[White "Bauer, Bjoern Benny"]
[Black "Bewersdorff, Oliver"]
[Result "1/2-1/2"]
[WhiteElo "2276"]
[BlackElo "2304"]
[PlyCount "37"]
[EventDate "2016.09.25"]
[EventType "team-tourn"]
[EventRounds "9"]
[EventCountry "GER"]
[SourceTitle "EXT 2018"]
[Source "ChessBase"]
[SourceDate "2017.10.13"]
[SourceVersion "1"]
[SourceVersionDate "2017.10.13"]
[SourceQuality "1"]
[WhiteTeam "Gau Algesheim"]
[BlackTeam "Schott Mainz"]
[WhiteTeamCountry "GER"]
[BlackTeamCountry "GER"]

1. d4 Nf6 2. c4 e6 3. Nf3 d5 4. Nc3 c6 5. g3 Nbd7 6. Bg2 dxc4 7. 0-0 Bb4 8. Qc2 0-0 9. Rd1 Qe7 10. Nd2 Nb6 11. Nce4 e5 12. Nxc4 Nxe4 13. Nxb6 axb6 14. Bxe4 h6 15. dxe5 Qxe5 16. Bf4 Qh5 17. Bf3 Qf5 18. Be4 Qh5 19. Bf3 1/2-1/2

[Event "Wiesbaden op 28th"]
[Site "Wiesbaden"]
[Date "2016.08.27"]
[Round "5"]
[White "Rolf, Marco"]
[Black "Bauer, Bjoern Benny"]
[Result "0-1"]
[WhiteElo "2058"]
[BlackElo "2251"]
[PlyCount "170"]
[EventDate "2016.08.25"]
[EventType "swiss"]
[EventRounds "7"]
[EventCountry "GER"]
[SourceTitle "CBM 174 Extra"]
[Source "ChessBase"]
[SourceDate "2016.10.10"]
[SourceVersion "1"]
[SourceVersionDate "2016.10.10"]
[SourceQuality "1"]

1. d4 Nf6 2. c4 c5 3. d5 b5 4. cxb5 a6 5. b6 Qxb6 6. Nc3 g6 7. e4 d6 8. Be2 Bg7 9. Nf3 Nbd7 10. Nd2 0-0 11. Nc4 Qc7 12. 0-0 Rb8 13. Bf4 Nb6 14. Ne3 Nfd7 15. Bg3 f5 16. exf5 gxf5 17. Bh4 Ne5 18. f4 Ng6 19. Be1 Bd4 20. Bd2 e5 21. dxe6 d5 22. Kh1 Bxe3 23. Bxe3 d4 24. Bxd4 cxd4 25. Qxd4 Bxe6 26. Bxa6 Rbd8 27. Nb5 Rxd4 28. Nxc7 Bf7 29. g3 Rd2 30. Rfd1 Rfd8 31. Rxd2 Rxd2 32. a4 Rc2 33. a5 Nd7 34. Nb5 Bd5+ 35. Kg1 Nb8 36. Rd1 Ne7 37. Nc3 Rxc3 38. bxc3 Nxa6 39. h3 Kf7 40. g4 Ke6 41. Rb1 Kd7 42. Rb6 Nc7 43. Rh6 Bg8 44. a6 fxg4 45. hxg4 Ng6 46. f5 Ne5 47. f6 Nf7 48. Rh4 Nxa6 49. g5 Nxg5 50. Kf2 Bf7 51. Rg4 h6 52. Kg3 Ke6 53. Rc4 Kd6 54. Rh4 h5 55. Kf4 Ne6+ 56. Kf5 Nac5 57. Rh1 Kd5 58. Ra1 Nb7 59. Rd1+ Kc6 60. Ke4 Nd6+ 61. Kf3 Ne8 62. Kg3 Nxf6 63. Rf1 Ne4+ 64. Kh4 Bg6 65. Rg1 Be8 66. Rg8 Bf7 67. Rh8 Ng7 68. Rf8 Nf5+ 69. Kh3 Bg6 70. Rg8 Bf7 71. Rf8 Kd6 72. Kg2 Ke7 73. Rh8 Nxc3 74. Kf3 Kf6 75. Kf4 Nd5+ 76. Ke4 Nde7 77. Rb8 Kg5 78. Kf3 h4 79. Kg2 Bd5+ 80. Kh3 Ng6 81. Rb4 Nf4+ 82. Kh2 Kg4 83. Ra4 Ng3 84. Rd4 Nf1+ 85. Kg1 h3 0-1

[Event "Wiesbaden op 28th"]
[Site "Wiesbaden"]
[Date "2016.08.26"]
[Round "2"]
[White "Bauer, Bjoern Benny"]
[Black "Schubert, Wolfgang"]
[Result "1-0"]
[WhiteElo "2251"]
[BlackElo "1931"]
[PlyCount "141"]
[EventDate "2016.08.25"]
[EventType "swiss"]
[EventRounds "7"]
[EventCountry "GER"]
[SourceTitle "CBM 174 Extra"]
[Source "ChessBase"]
[SourceDate "2016.10.10"]
[SourceVersion "1"]
[SourceVersionDate "2016.10.10"]
[SourceQuality "1"]

1. d4 d5 2. c4 c6 3. Nf3 Nf6 4. Nc3 dxc4 5. a4 Bf5 6. e3 e6 7. Bxc4 Bb4 8. 0-0 0-0 9. Qb3 Qb6 10. h3 h6 11. Rd1 Nbd7 12. Bd2 a5 13. Rac1 Rfe8 14. Be1 Bf8 15. Qa2 Rad8 16. Nd2 Bg6 17. Be2 Nd5 18. Nc4 Qa7 19. Nxd5 exd5 20. Nxa5 Bd6 21. b4 Nf6 22. b5 cxb5 23. Bxb5 Re6 24. Nb3 Ne4 25. Nc5 Nxc5 26. dxc5 Bxc5 27. Rxd5 Rxd5 28. Qxd5 b6 29. Qd8+ Kh7 30. Rd1 Re7 31. Bc3 f6 32. Bd4 Bxd4 33. Rxd4 Rc7 34. Rd7 Rxd7 35. Qxd7 Qa5 36. Kh2 Qe1 37. Kg3 h5 38. Qd4 Qa5 39. Bc4 Qa7 40. Qd5 Qb8+ 41. f4 Qe8 42. Qe6 Qxe6 43. Bxe6 Be4 44. h4 Kh6 45. Kf2 g5 46. g3 Kg6 47. Bd7 gxh4 48. gxh4 Kf7 49. Ke2 Ke7 50. Bb5 Bf5 51. Bd3 Bd7 52. Bc2 Bg4+ 53. Kd3 Kd6 54. Kd4 f5 55. Kc4 Kc6 56. Bd3 Bh3 57. e4 fxe4 58. Bxe4+ Kd6 59. Bf3 Bd7 60. Bd1 Ke6 61. Kd4 Kf5 62. Ke3 Be8 63. Bc2+ Kg4 64. f5 Kxh4 65. Kf4 Bf7 66. f6 Kh3 67. Kg5 h4 68. Bg6 Bb3 69. f7 Bxf7 70. Bxf7 Kg3 71. Kf5 1-0

[Event "Oberliga Sued W 1516"]
[Site "Germany"]
[Date "2016.04.10"]
[Round "9.5"]
[White "Traub, Boris"]
[Black "Bauer, Bjoern Benny"]
[Result "0-1"]
[WhiteElo "2295"]
[BlackElo "2051"]
[PlyCount "80"]
[EventDate "2015.09.20"]
[EventType "team-tourn"]
[EventRounds "9"]
[EventCountry "GER"]
[SourceTitle "EXT 2017"]
[Source "ChessBase"]
[SourceDate "2016.10.25"]
[SourceVersion "1"]
[SourceVersionDate "2016.10.25"]
[SourceQuality "1"]
[WhiteTeam "Illingen Turm"]
[BlackTeam "Gau Algesheim"]
[WhiteTeamCountry "GER"]
[BlackTeamCountry "GER"]

1. e4 c5 2. Nf3 d6 3. d4 cxd4 4. Nxd4 Nf6 5. Nc3 g6 6. g3 Bg7 7. Bg2 0-0 8. 0-0 Nc6 9. Nde2 Bd7 10. h3 Rc8 11. Bg5 Ne5 12. Qc1 b5 13. Rd1 Re8 14. a4 bxa4 15. Nxa4 Rc7 16. Nac3 Qc8 17. Kh2 h6 18. Be3 Qb8 19. b3 Rec8 20. Bd4 Bb5 21. Ra2 Nc6 22. Nxb5 Qxb5 23. Nc3 Qb8 24. Bxf6 Bxf6 25. Nd5 Nb4 26. Nxf6+ exf6 27. Qxh6 Nxa2 28. e5 dxe5 29. Bd5 Qb6 30. Rd2 Nc3 31. Qxg6+ Kf8 32. Qh6+ Ke7 33. Bxf7 Kxf7 34. Qh5+ Ke7 35. g4 Qe6 36. Qh7+ Qf7 37. Qd3 Kf8 38. g5 fxg5 39. f4 Qxf4+ 40. Kg1 Qd4+ 0-1

[Event "Oberliga Sued W 1516"]
[Site "Germany"]
[Date "2016.01.31"]
[Round "6.4"]
[White "Bauer, Bjoern Benny"]
[Black "Tabatt, Hendrik"]
[Result "1/2-1/2"]
[WhiteElo "2051"]
[BlackElo "2347"]
[PlyCount "82"]
[EventDate "2015.09.20"]
[EventType "team-tourn"]
[EventRounds "9"]
[EventCountry "GER"]
[SourceTitle "EXT 2017"]
[Source "ChessBase"]
[SourceDate "2016.10.25"]
[SourceVersion "1"]
[SourceVersionDate "2016.10.25"]
[SourceQuality "1"]
[WhiteTeam "Gau Algesheim"]
[BlackTeam "Schwarzenbach Caissa"]
[WhiteTeamCountry "GER"]
[BlackTeamCountry "GER"]

1. d4 Nf6 2. c4 e6 3. Nf3 c5 4. d5 b5 5. cxb5 exd5 6. e3 Bb7 7. a4 a6 8. Nc3 g6 9. Bd3 Bg7 10. 0-0 0-0 11. Qc2 axb5 12. Bxb5 Na6 13. Ne2 Nc7 14. Ra3 Nxb5 15. axb5 d6 16. Bd2 Qb6 17. Nc3 Ne4 18. Qd3 Nxd2 19. Qxd2 Rxa3 20. bxa3 d4 21. exd4 cxd4 22. Ne2 Bxf3 23. gxf3 Qxb5 24. Nxd4 Qd5 25. Rd1 Ra8 26. Qe3 Qc5 27. a4 d5 28. Nb3 Qc4 29. Qd3 Rb8 30. Na5 Qf4 31. Nc6 Re8 32. Qxd5 Qxa4 33. Qd7 Qa8 34. Rd3 Bf6 35. Rd6 Re1+ 36. Kg2 Qa1 37. f4 Kg7 38. Nd8 Rg1+ 39. Kf3 Bxd8 40. Qxd8 Qc3+ 41. Rd3 Qc6+ 1/2-1/2

[Event "GER-chT U16"]
[Site "Lingen"]
[Date "2015.12.30"]
[Round "7.1"]
[White "Bauer, Bjoern Benny"]
[Black "Raetzke von Stoyentin, Steffen"]
[Result "1-0"]
[WhiteElo "2090"]
[BlackElo "1979"]
[PlyCount "61"]
[EventDate "2015.12.27"]
[EventType "team-swiss"]
[EventRounds "7"]
[EventCountry "GER"]
[SourceTitle "EXT 2017"]
[Source "ChessBase"]
[SourceDate "2016.10.25"]
[SourceVersion "1"]
[SourceVersionDate "2016.10.25"]
[SourceQuality "1"]
[WhiteTeam "Gau Algesheim"]
[BlackTeam "Aurich"]
[WhiteTeamCountry "GER"]
[BlackTeamCountry "GER"]

1. d4 Nf6 2. c4 g6 3. Nc3 d5 4. cxd5 Nxd5 5. e4 Nxc3 6. bxc3 Bg7 7. Bc4 c5 8. Ne2 Nc6 9. Be3 0-0 10. 0-0 Qc7 11. Rc1 Rd8 12. Qd2 a6 13. Bh6 b5 14. Bxg7 Kxg7 15. Bd3 Qd6 16. d5 c4 17. Bb1 e6 18. Rcd1 Kg8 19. Qe3 Bb7 20. dxc6 Qxd1 21. Nd4 Qxf1+ 22. Kxf1 Bxc6 23. Nxc6 Rd1+ 24. Ke2 Rxb1 25. Qd4 Rb2+ 26. Ke3 h5 27. Ne7+ Kh7 28. Qf6 Rf8 29. Nxg6 Rd8 30. Qxf7+ Kh6 31. Nf4 1-0

[Event "Oberliga Sued W 1516"]
[Site "Germany"]
[Date "2015.09.20"]
[Round "1.6"]
[White "Mueller, Denis"]
[Black "Bauer, Bjoern Benny"]
[Result "1-0"]
[WhiteElo "2068"]
[BlackElo "2051"]
[PlyCount "89"]
[EventDate "2015.09.20"]
[EventType "team-tourn"]
[EventRounds "9"]
[EventCountry "GER"]
[SourceTitle "CBM 170 Extra"]
[Source "ChessBase"]
[SourceDate "2016.02.25"]
[SourceVersion "1"]
[SourceVersionDate "2016.02.25"]
[SourceQuality "1"]
[WhiteTeam "Saarbruecken SVG"]
[BlackTeam "Gau Algesheim"]
[WhiteTeamCountry "GER"]
[BlackTeamCountry "GER"]

1. e4 c5 2. Nf3 Nc6 3. d4 cxd4 4. Nxd4 Nf6 5. Nc3 e5 6. Ndb5 d6 7. Bg5 a6 8. Na3 b5 9. Nd5 Be7 10. Bxf6 Bxf6 11. c3 Ne7 12. Nxf6+ gxf6 13. Bd3 f5 14. exf5 d5 15. Nc2 Nxf5 16. Bxf5 Bxf5 17. Nb4 Be6 18. a4 0-0 19. axb5 Qg5 20. 0-0 axb5 21. Rxa8 Rxa8 22. f4 exf4 23. Qf3 Ra4 24. Qxf4 Qxf4 25. Rxf4 Ra1+ 26. Rf1 Rxf1+ 27. Kxf1 Kf8 28. Kf2 Ke7 29. Ke3 Kd6 30. Kd4 f6 31. Nd3 Bf5 32. Nf4 Be4 33. b3 f5 34. b4 h6 35. h3 Bb1 36. Nxd5 Ba2 37. Nf4 Bc4 38. g3 Bf1 39. h4 Bc4 40. Ng2 Bf7 41. Ne3 Be6 42. c4 bxc4 43. Nxc4+ Kc6 44. Ne3 Kd6 45. b5 1-0

[Event "Rheinland Pfalz op 6th"]
[Site "Gau Algesheim"]
[Date "2014.06.21"]
[Round "6"]
[White "Bauer, Bjoern Benny"]
[Black "Okhotnik, Vladimir"]
[Result "1/2-1/2"]
[WhiteElo "1975"]
[BlackElo "2398"]
[PlyCount "83"]
[EventDate "2014.06.19"]
[EventType "swiss"]
[EventRounds "7"]
[EventCountry "GER"]
[SourceTitle "CBM 161 Extra"]
[Source "ChessBase"]
[SourceDate "2014.08.29"]
[SourceVersion "1"]
[SourceVersionDate "2014.08.29"]
[SourceQuality "1"]

1. d4 d6 2. e4 Nf6 3. Nc3 Nbd7 4. Be2 e5 5. dxe5 dxe5 6. Nf3 Bb4 7. Bd2 0-0 8. 0-0 c6 9. a3 Bxc3 10. Bxc3 Nxe4 11. Bxe5 Nxe5 12. Nxe5 Qf6 13. f4 Rd8 14. Bd3 Nc5 15. Qe2 Nxd3 16. Nxd3 Qd4+ 17. Kh1 Bf5 18. Ne5 Qxb2 19. Rab1 Qxc2 20. Qxc2 Bxc2 21. Rxb7 Be4 22. Rxf7 Rd2 23. Rg1 Rb8 24. h3 Rb3 25. Kh2 Rxa3 26. Rc7 h5 27. Nc4 Raa2 28. Nxd2 Rxd2 29. Rxa7 h4 30. Re7 Bd5 31. Re5 c5 32. Ree1 Bb3 33. Rc1 c4 34. Rgf1 Kf7 35. f5 Rd4 36. Rc3 Rd3 37. Rf3 Rxc3 38. Rxc3 Kf6 39. Kg1 Ke5 40. g4 hxg3 41. Rxg3 Bc2 42. Rxg7 1/2-1/2

[Event "Rheinland Pfalz op 5th"]
[Site "Worms"]
[Date "2013.05.30"]
[Round "1"]
[White "Bauer, Bjoern Benny"]
[Black "Quaegwer, Gerhard"]
[Result "1-0"]
[WhiteElo "1987"]
[BlackElo "1481"]
[PlyCount "59"]
[EventDate "2013.05.30"]
[EventType "swiss"]
[EventRounds "7"]
[EventCountry "GER"]
[SourceTitle "EXT 2014"]
[Source "ChessBase"]
[SourceDate "2013.11.20"]
[SourceVersion "1"]
[SourceVersionDate "2013.11.20"]
[SourceQuality "1"]

1. d4 d5 2. c4 e6 3. Nc3 Nf6 4. Nf3 b6 5. Bf4 Bd6 6. Bg5 Bb7 7. cxd5 exd5 8. e3 Be7 9. Bd3 Nbd7 10. 0-0 Ne4 11. Bxe7 Qxe7 12. Qc2 f5 13. Nb5 0-0 14. Qxc7 Ba6 15. Ne5 Bc8 16. Nxa7 Qe6 17. Nxc8 Nxe5 18. Ne7+ Kh8 19. Qxe5 Qxe5 20. dxe5 Rad8 21. Bxe4 dxe4 22. Rfd1 Rd3 23. Rxd3 exd3 24. Rd1 Re8 25. Rxd3 g6 26. Rd7 Rf8 27. Nd5 b5 28. e6 Rc8 29. Nc7 Kg8 30. e7 1-0

[Event "GER-chT U14"]
[Site "Magdeburg"]
[Date "2012.12.29"]
[Round "5.1"]
[White "Bauer, Bjoern Benny"]
[Black "Gressmann, Moritz"]
[Result "1-0"]
[WhiteElo "2040"]
[BlackElo "1846"]
[PlyCount "61"]
[EventDate "2012.12.27"]
[EventType "team-swiss"]
[EventRounds "7"]
[EventCountry "GER"]
[SourceTitle "EXT 2014"]
[Source "ChessBase"]
[SourceDate "2013.11.20"]
[SourceVersion "1"]
[SourceVersionDate "2013.11.20"]
[SourceQuality "1"]
[WhiteTeam "Gau Algesheim"]
[BlackTeam "Weissensee Chemie"]
[WhiteTeamCountry "GER"]
[BlackTeamCountry "GER"]

1. d4 d5 2. c4 dxc4 3. Nc3 Nf6 4. Bg5 e6 5. e3 Be7 6. Bxc4 0-0 7. Nf3 a6 8. a4 Nc6 9. 0-0 Nd5 10. Bxe7 Ncxe7 11. Qe2 Nxc3 12. bxc3 Ng6 13. Rfd1 Qe7 14. Bd3 Rd8 15. Bxg6 hxg6 16. Ne5 a5 17. Rd3 Qe8 18. Qg4 Qe7 19. e4 c5 20. Rad1 Bd7 21. Rf3 Be8 22. Rh3 cxd4 23. cxd4 Bxa4 24. Rdd3 Rac8 25. g3 Rc1+ 26. Kg2 Bb5 27. Rh4 Bxd3 28. Nxd3 Rc2 29. Qh3 f6 30. Nf4 Qd6 31. Rh8+ 1-0

[Event "GER-chT U14"]
[Site "Magdeburg"]
[Date "2012.12.27"]
[Round "1.1"]
[White "Bauer, Bjoern Benny"]
[Black "Maurer, Noah"]
[Result "1-0"]
[WhiteElo "2040"]
[BlackElo "1580"]
[PlyCount "75"]
[EventDate "2012.12.27"]
[EventType "team-swiss"]
[EventRounds "7"]
[EventCountry "GER"]
[SourceTitle "EXT 2014"]
[Source "ChessBase"]
[SourceDate "2013.11.20"]
[SourceVersion "1"]
[SourceVersionDate "2013.11.20"]
[SourceQuality "1"]
[WhiteTeam "Gau Algesheim"]
[BlackTeam "Hohentuebingen"]
[WhiteTeamCountry "GER"]
[BlackTeamCountry "GER"]

1. d4 d5 2. c4 c6 3. Nc3 Bf5 4. Nf3 Nf6 5. e3 e6 6. Be2 h6 7. 0-0 Be7 8. b3 Nbd7 9. Bb2 0-0 10. Rc1 Rc8 11. h3 dxc4 12. Bxc4 Nb6 13. Bd3 Bxd3 14. Qxd3 c5 15. Ne4 cxd4 16. exd4 Nfd5 17. Ne5 Nb4 18. Qg3 Rc2 19. Rxc2 Nxc2 20. d5 f6 21. Ng6 Rf7 22. Nxe7+ Qxe7 23. d6 Qd8 24. Rc1 Nb4 25. Bxf6 Rxf6 26. Nxf6+ Qxf6 27. d7 Nxd7 28. Qd6 Nxa2 29. Rc8+ Nf8 30. Qd2 Qa1+ 31. Kh2 a5 32. Qxa5 Qb2 33. Qc5 Qf6 34. b4 Qf5 35. Qc4 Qb1 36. Qxe6+ Kh7 37. Rxf8 Qxb4 38. Qf5+ 1-0

[Event "GER-chT U14"]
[Site "Magdeburg"]
[Date "2012.12.27"]
[Round "2.1"]
[White "Fluechter, Gregor"]
[Black "Bauer, Bjoern Benny"]
[Result "0-1"]
[WhiteElo "2016"]
[BlackElo "2040"]
[PlyCount "69"]
[EventDate "2012.12.27"]
[EventType "team-swiss"]
[EventRounds "7"]
[EventCountry "GER"]
[SourceTitle "EXT 2014"]
[Source "ChessBase"]
[SourceDate "2013.11.20"]
[SourceVersion "1"]
[SourceVersionDate "2013.11.20"]
[SourceQuality "1"]
[WhiteTeam "Brackel"]
[BlackTeam "Gau Algesheim"]
[WhiteTeamCountry "GER"]
[BlackTeamCountry "GER"]

1. e4 c5 2. Nf3 Nc6 3. c3 Nf6 4. e5 Nd5 5. d4 cxd4 6. Bc4 e6 7. cxd4 d6 8. exd6 Bxd6 9. 0-0 0-0 10. Nc3 a6 11. a3 Be7 12. Be3 b5 13. Bd3 Bb7 14. Rc1 Nxc3 15. Rxc3 Qd5 16. Bc2 Rad8 17. Bb3 Qd6 18. Qe2 Na5 19. Ba2 Rc8 20. Rfc1 Rxc3 21. Rxc3 Rd8 22. h3 Bd5 23. Bxd5 Qxd5 24. b4 Nc4 25. Nd2 Rc8 26. Nb3 Bf6 27. Qd3 Rd8 28. Nc5 Qc6 29. Qd1 e5 30. d5 Rxd5 31. Qf3 e4 32. Nxe4 Bxc3 33. Nxc3 Nxe3 34. Qxe3 Rd8 35. Ne2 0-1

[Event "GER-ch Net final U14"]
[Site "Playchess.com INT"]
[Date "2012.09.15"]
[Round "4"]
[White "Bauer, Bjoern Benny"]
[Black "Martin, Julian"]
[Result "0-1"]
[WhiteElo "1873"]
[BlackElo "1644"]
[PlyCount "90"]
[EventDate "2012.09.15"]
[EventType "swiss (blitz)"]
[EventRounds "9"]
[EventCountry "GER"]
[SourceTitle "CBM 150 Extra"]
[Source "ChessBase"]
[SourceDate "2012.10.19"]
[SourceVersion "1"]
[SourceVersionDate "2012.10.19"]
[SourceQuality "1"]

1. d4 d5 2. c4 e6 3. Nc3 c5 4. Nf3 cxd4 5. Nxd4 e5 6. Nf3 d4 7. Nd5 Nc6 8. e3 Bc5 9. exd4 exd4 10. Bd3 Nge7 11. Nxe7 Qxe7+ 12. Qe2 Qxe2+ 13. Bxe2 Bf5 14. 0-0 0-0-0 15. Bf4 d3 16. Bd1 Nd4 17. Nxd4 Bxd4 18. g4 Be4 19. Re1 Rhe8 20. Bd2 Bc6 21. Rb1 Rxe1+ 22. Bxe1 d2 23. Bxd2 Bxf2+ 24. Kxf2 Rxd2+ 25. Kg3 Be4 26. Rc1 Rxb2 27. Bb3 f6 28. Re1 Bc6 29. Re7 Rg2+ 30. Kf4 g5+ 31. Kf5 Rf2+ 32. Ke6 Bd7+ 33. Kf7 Bxg4 34. Re8+ Kc7 35. Kg7 Bd7 36. Rh8 Rxh2 37. Kxf6 g4 38. Rg8 Kd6 39. Rg5 Rf2+ 40. Kg7 Rf5 41. c5+ Rxc5 42. Rxc5 Kxc5 43. Kxh7 g3 44. Bc2 g2 45. Be4 g1Q 0-1

[Event "GER-ch Net qual4 U14"]
[Site "Playchess.com INT"]
[Date "2012.09.12"]
[Round "7"]
[White "Bauer, Bjoern Benny"]
[Black "Bilchinski, Anton"]
[Result "1/2-1/2"]
[WhiteElo "1880"]
[BlackElo "1916"]
[PlyCount "82"]
[EventDate "2012.09.12"]
[EventType "swiss (blitz)"]
[EventRounds "7"]
[EventCountry "GER"]
[SourceTitle "CBM 150 Extra"]
[Source "ChessBase"]
[SourceDate "2012.10.19"]
[SourceVersion "1"]
[SourceVersionDate "2012.10.19"]
[SourceQuality "1"]

1. d4 Nf6 2. c4 g6 3. Nc3 Bg7 4. e4 d6 5. Be2 0-0 6. Nf3 e5 7. d5 Nbd7 8. Bg5 a5 9. b3 Nc5 10. Nd2 h6 11. Bh4 g5 12. Bg3 b6 13. 0-0 Nh7 14. a3 f5 15. f3 f4 16. Bf2 Bd7 17. b4 Nb7 18. Rb1 Rf7 19. Nb3 Bf8 20. Qc2 h5 21. c5 a4 22. c6 axb3 23. Qxb3 Bc8 24. cxb7 Bxb7 25. Rfc1 Ba6 26. Bxa6 Rxa6 27. Nb5 Nf6 28. Rc6 Ne8 29. Rbc1 Ra8 30. Qc3 g4 31. Nxc7 Nxc7 32. Rxc7 Rxc7 33. Qxc7 Qxc7 34. Rxc7 Rxa3 35. Bxb6 g3 36. hxg3 fxg3 37. Kf1 Ra1+ 38. Ke2 Ra2+ 39. Kf1 Ra1+ 40. Ke2 Ra2+ 41. Kf1 Ra1+ 1/2-1/2

[Event "GER-ch Net qual4 U14"]
[Site "Playchess.com INT"]
[Date "2012.09.12"]
[Round "6"]
[White "Bauer, Bjoern Benny"]
[Black "Kartsev, Nikolaj"]
[Result "1/2-1/2"]
[WhiteElo "1880"]
[BlackElo "1818"]
[PlyCount "95"]
[EventDate "2012.09.12"]
[EventType "swiss (blitz)"]
[EventRounds "7"]
[EventCountry "GER"]
[SourceTitle "CBM 150 Extra"]
[Source "ChessBase"]
[SourceDate "2012.10.19"]
[SourceVersion "1"]
[SourceVersionDate "2012.10.19"]
[SourceQuality "1"]

1. d4 Nf6 2. c4 g6 3. Nc3 Bg7 4. e4 d6 5. Be2 0-0 6. Nf3 e5 7. d5 c6 8. Bg5 h6 9. Bh4 g5 10. Bg3 Na6 11. 0-0 Nc5 12. Nd2 a5 13. b3 Ne8 14. a3 f5 15. f3 Nf6 16. b4 axb4 17. axb4 Rxa1 18. Qxa1 Na6 19. b5 cxb5 20. Nxb5 Nc5 21. Bf2 fxe4 22. Bxc5 dxc5 23. fxe4 Bg4 24. Bd3 Nh5 25. g3 Bh3 26. Rf3 g4 27. Rxf8+ Qxf8 28. Qe1 Nf6 29. Qe3 Qa8 30. Qxc5 Qa1+ 31. Bf1 Nxe4 32. Qc8+ Bf8 33. Qe6+ Kh8 34. Qf7 Bc5+ 35. Kh1 Nf2+ 36. Kg1 Ne4+ 37. Kh1 Nxd2 38. Qf6+ Kh7 39. Qf7+ Kh8 40. Qf6+ Kg8 41. Qg6+ Kf8 42. Qf6+ Kg8 43. Qg6+ Kh8 44. Qxh6+ Kg8 45. Qg6+ Kh8 46. Qh6+ Kg8 47. Qg6+ Kh8 48. Qh6+ 1/2-1/2

[Event "GER-ch Net qual4 U14"]
[Site "Playchess.com INT"]
[Date "2012.09.12"]
[Round "5"]
[White "Graf, Clara Victoria"]
[Black "Bauer, Bjoern Benny"]
[Result "0-1"]
[WhiteElo "1600"]
[BlackElo "1880"]
[PlyCount "68"]
[EventDate "2012.09.12"]
[EventType "swiss (blitz)"]
[EventRounds "7"]
[EventCountry "GER"]
[SourceTitle "CBM 150 Extra"]
[Source "ChessBase"]
[SourceDate "2012.10.19"]
[SourceVersion "1"]
[SourceVersionDate "2012.10.19"]
[SourceQuality "1"]

1. e4 c5 2. Nf3 Nc6 3. Bb5 Nd4 4. Nxd4 cxd4 5. 0-0 e6 6. c3 a6 7. Be2 Bc5 8. cxd4 Bxd4 9. Nc3 Ne7 10. d3 0-0 11. Be3 Bxe3 12. fxe3 Qb6 13. Qd2 d5 14. exd5 Nxd5 15. Nxd5 exd5 16. d4 Qh6 17. Bf3 Be6 18. Qd3 Bd7 19. a4 Bc6 20. Rfe1 Rae8 21. Ra3 Re7 22. Qb3 Qd6 23. Qb6 Rfe8 24. a5 Qh6 25. Qb3 Qg5 26. Kf2 h5 27. Kg1 h4 28. Re2 Re6 29. Qc3 Rf6 30. Kf2 h3 31. Ke1 hxg2 32. Rxg2 Qh4+ 33. Ke2 Bb5+ 34. Kd2 Rxf3 0-1